| 000 -LEADER |
| fixed length control field |
00585cam a22001457a 4500 |
| 008 - FIXED-LENGTH DATA ELEMENTS--GENERAL INFORMATION |
| fixed length control field |
180718b1978 xxu||||| |||| 00| 0 eng d |
| 082 ## - DEWEY DECIMAL CLASSIFICATION NUMBER |
| Classification number |
W9x54 In2 |
| 100 ## - MAIN ENTRY--PERSONAL NAME |
| Personal name |
India. Working Group on Autonomy for Akashvani and Doordarshan |
| 245 ## - TITLE STATEMENT |
| Title |
Report of the working group on autonomy for akashvani and doordarshan |
| Statement of responsibility, etc. |
by Ministry of Information and Broadcasting |
| 260 ## - PUBLICATION, DISTRIBUTION, ETC. |
| Place of publication, distribution, etc. |
New Delhi |
| Name of publisher, distributor, etc. |
Ministry of Information and Broadcasting |
| Date of publication, distribution, etc. |
1978 |
| 300 ## - PHYSICAL DESCRIPTION |
| Extent |
2v. |
| 500 ## - GENERAL NOTE |
| General note |
Chairman: B.G. Verghese |
| 700 ## - ADDED ENTRY--PERSONAL NAME |
| Personal name |
India. Ministry of Information and Broadcasting |
| 700 ## - ADDED ENTRY--PERSONAL NAME |
| Personal name |
Verghese, B.G. (Chairman) |